Władcy Polski - Elekcyjni - Statystyki

Ogólne statystyki
  • Ten quiz został rozwiązany 33 razy
  • Średni wynik to 10 z 14
Statystyki odpowiedzi
Dynastia Odpowiedź Lata % Poprawnych
Batorzy Stefan Batory 1576 - 1586
93%
Sobiescy Jan III Sobieski 1674 - 1696
86%
Poniatowski Stanisław August Poniatowski 1764 - 1795
86%
Wazowie Zygmunt III Waza 1587 - 1632
86%
Wazowie Jan II Kazimierz Waza 1648 - 1668
82%
Wiśniowieccy Michał Korybut Wiśniowiecki 1669 - 1673
75%
Leszczyńscy Stanisław Leszczyński 1704 - 1709
71%
Leszczyńscy Stanisław Leszczyński 1733 - 1736
71%
Wettynowie August III Sas 1733 - 1763
64%
Wettynowie August II Mocny 1697 - 1704
64%
Wettynowie August II Mocny 1709 - 1733
64%
Walezjusze Henryk III Walezy 1573 - 1575
64%
Wazowie Władysław IV Waza 1632 - 1648
61%
Jagiellononowie Anna Jagiellonka 1575 - 1586
57%
Nie znaleziono quizów pasujących do podanych kryteriów
Rozkład punktacji
Procent ludzi z każdym wynikiem
Percentyl według liczby udzielonych odpowiedzi
Twoja historia wyników
Nie rozwiązałeś tego quizu